| 000 | 00648nam a22002057a 4500 | ||
|---|---|---|---|
| 003 | OSt | ||
| 005 | 20140310182903.0 | ||
| 008 | 121207t xxu||||| |||| 00| 0 eng d | ||
| 020 | _a9715554911 | ||
| 050 |
_aPL6063 _b.D439 2003 |
||
| 082 |
_aFIL 899.21109358 _b .D427a 2003 |
||
| 245 |
_aAwit kay Inang bayan : ang larawan ng Pilipinas ayon sa mga tula't kundiman na kinatha noong panahon ng himagsikan / _cDery, Luis C. |
||
| 260 |
_aManila : _bDe La Salle University Press, _c 2003 |
||
| 300 |
_axxii, 341 p. ; _c26 cm |
||
| 521 | _acollege students | ||
| 526 | _c1210L-1700L | ||
| 541 | _j1 | ||
| 562 | _e1 | ||
| 942 |
_2lcc _cBK _kFil |
||
| 999 |
_c17125 _d17125 |
||